[Event "Oberpfalz-ch M2"]
[Site "Windischeschenbach"]
[Date "2017.04.11"]
[Round "8"]
[White "Braun, Dieter"]
[Black "Birk, Christian"]
[Result "1/2-1/2"]
[WhiteElo "1701"]
[BlackElo "1491"]
[PlyCount "44"]
[EventDate "2017.04.08"]
[EventType "swiss"]
[EventRounds "8"]
[EventCountry "GER"]
[SourceTitle "EXT 2020"]
[Source "ChessBase"]
[SourceDate "2019.10.17"]
[SourceVersion "1"]
[SourceVersionDate "2019.10.17"]
[SourceQuality "1"]

1. e4 c6 2. d4 d5 3. exd5 cxd5 4. c4 Nc6 5. Be3 Nf6 6. Nc3 e6 7. Nf3 Bb4 8. a3 Bxc3+ 9. bxc3 Qa5 10. Qc2 Bd7 11. c5 Ne4 12. Bd2 0-0 13. Bd3 f5 14. 0-0 b6 15. cxb6 Qxb6 16. Rfb1 Qc7 17. Rb2 Rab8 18. Rab1 Rxb2 19. Rxb2 Rb8 20. h3 Nxd2 21. Qxd2 Rxb2 22. Qxb2 Qb6 1/2-1/2

[Event "Oberpfalz-ch M2"]
[Site "Windischeschenbach"]
[Date "2017.04.10"]
[Round "6"]
[White "Birk, Christian"]
[Black "Gschwendner, Anton"]
[Result "0-1"]
[WhiteElo "1491"]
[BlackElo "1584"]
[PlyCount "42"]
[EventDate "2017.04.08"]
[EventType "swiss"]
[EventRounds "8"]
[EventCountry "GER"]
[SourceTitle "EXT 2020"]
[Source "ChessBase"]
[SourceDate "2019.10.17"]
[SourceVersion "1"]
[SourceVersionDate "2019.10.17"]
[SourceQuality "1"]

1. e4 e5 2. Nf3 Nc6 3. c3 Nf6 4. d3 Be7 5. Bg5 d6 6. Nbd2 0-0 7. Qc2 a6 8. Be2 Re8 9. Nf1 d5 10. Ng3 Be6 11. Nf5 Bxf5 12. exf5 Qd7 13. Bxf6 Bxf6 14. g4 e4 15. Ng1 Bh4 16. 0-0-0 e3 17. fxe3 Rxe3 18. Nf3 Qe7 19. Nxh4 Rxe2 20. Qb3 Qxh4 21. Rhe1 Rxe1 0-1

[Event "Oberpfalz-ch M2"]
[Site "Windischeschenbach"]
[Date "2017.04.08"]
[Round "1"]
[White "Achhammer, Thomas"]
[Black "Birk, Christian"]
[Result "1-0"]
[WhiteElo "1693"]
[BlackElo "1491"]
[PlyCount "53"]
[EventDate "2017.04.08"]
[EventType "swiss"]
[EventRounds "8"]
[EventCountry "GER"]
[SourceTitle "EXT 2020"]
[Source "ChessBase"]
[SourceDate "2019.10.17"]
[SourceVersion "1"]
[SourceVersionDate "2019.10.17"]
[SourceQuality "1"]

1. e4 c6 2. d4 d5 3. f3 e6 4. c4 c5 5. cxd5 exd5 6. Nc3 dxe4 7. d5 Bd6 8. Nxe4 Ne7 9. Bb5+ Kf8 10. Ne2 Bd7 11. Nxd6 a6 12. Bxd7 Qxd7 13. Bf4 g5 14. Bg3 h5 15. Nc3 h4 16. Be5 Ng6 17. Bxh8 Qxd6 18. Ne4 Qe7 19. Bf6 Qe8 20. 0-0 Nd7 21. Bxg5 Kg7 22. Qd2 Qe5 23. Rfe1 Rh8 24. Nxc5 Qd6 25. Nxd7 Qxd7 26. Qd4+ Kf8 27. Rac1 1-0